Jelzések. NYIK-es tanulók olvasmánymegértéséről

Elmentve itt :
Bibliográfiai részletek
Szerző: H. Tóth István
Dokumentumtípus: Cikk
Megjelent: 2012
Sorozat:Iskolakultúra 22 No. 12
Online Access:http://misc.bibl.u-szeged.hu/42049
LEADER 00583nab a2200169 i 4500
001 misc42049
005 20191106140529.0
008 180706s2012 hu o 0|| zxx d
022 |a 1215-5233 
040 |a SZTE Miscellanea Repozitórium  |b hun 
041 |a zxx 
100 2 |a H. Tóth István 
245 1 0 |a Jelzések. NYIK-es tanulók olvasmánymegértéséről  |h [elektronikus dokumentum] /  |c  H. Tóth István 
260 |c 2012 
300 |a 78-92 
490 0 |a Iskolakultúra  |v 22 No. 12 
856 4 0 |u http://misc.bibl.u-szeged.hu/42049/1/EPA00011_iskolakultura_2012_12_078-092.pdf  |z Dokumentum-elérés